000 00531 a2200229 4500
001 111334
020 _a9780673362384
020 _a9780673803511
041 _aeng
082 _aAP Nursery 784
092 _a81043042
100 _aGlazer, Tom.
250 _a1st ed.
300 _a[32] p.
697 _aSongs.
856 _u00001d/00001d57.jpg
040 _aBR-BrIDEA
_cBR-BrIDEA
090 _aAP Nursery 784
_bGLA
245 1 0 _aOn top of spaghetti
_c Tom Glazer
260 _a[s.l.]
_bSongs Music
_c1993
942 _cBK
999 _c111334
_d111334